Rock from 90s and 00s - Statistics

General Stats
  • This quiz has been taken 52 times
  • The average score is 6 of 15
Answer Stats
Hint Answer % Correct
about a girl nirvana
72%
mr jones counting crows
70%
adidas korn
52%
blurry puddle of mudd
50%
lying from you Linkin park
43%
before I forget slipknot
43%
the kill 30 seconds to Mars
41%
take a look around limp bizkit
41%
hypnotize system of a down
37%
pardon me incubus
35%
stupify disturbed
30%
second chance shine down
30%
afterlife avenged sevenfold
28%
so cold breaking benjamin
20%
right here staind
13%
No matching quizzes found
Score Distribution
Percent of People with Each Score
Percentile by Number Answered
Your Score History
You have not taken this quiz